It starts with us / (Record no. 14210)
[ view plain ]
| 000 -LEADER | |
|---|---|
| fixed length control field | 00561nam a2200229 a 4500 |
| 001 - CONTROL NUMBER | |
| JCCL Control Number | 14210 |
| 003 - CONTROL NUMBER IDENTIFIER | |
| JCCL marc code | BD-JhCC |
| 005 - DATE AND TIME OF LATEST TRANSACTION | |
| control field | 20250213082852.0 |
| 008 - FIXED-LENGTH DATA ELEMENTS--GENERAL INFORMATION | |
| fixed length control field | 250209b2017 ii a|||| ||a| 000 0 eng d |
| 020 ## - INTERNATIONAL STANDARD BOOK NUMBER | |
| International Standard Book Number | 9781398518179 |
| 035 ## - SYSTEM CONTROL NUMBER | |
| system control number | (BD-JhCC)14210 |
| 040 ## - CATALOGING SOURCE | |
| Original cataloging agency | BD-JhCC |
| Modifying agency | BD-JhCC |
| 041 ## - LANGUAGE CODE | |
| Language code of Book | english |
| 082 ## - DEWEY DECIMAL CLASSIFICATION NUMBER | |
| Classification number | 823.1 |
| Author mark and Year | HOO 2022 |
| 100 ## - MAIN ENTRY--PERSONAL NAME | |
| Personal name | Hoover,Colleen |
| 245 ## - TITLE STATEMENT | |
| Title | It starts with us / |
| Statement of responsibility, etc | Colleen Hoover. |
| 260 ## - PUBLICATION, DISTRIBUTION, ETC. (IMPRINT) | |
| Place of publication, distribution, etc | India: |
| Name of publisher, distributor, etc | Simon; |
| Date of publication, distribution, etc | 2022. |
| 300 ## - PHYSICAL DESCRIPTION | |
| Pagination | 240 p . |
| Dimensions | 21 cm. |
| 650 ## - SUBJECT ADDED ENTRY--TOPICAL TERM | |
| Topical term or geographic name as entry element | English literature |
| 942 ## - ADDED ENTRY ELEMENTS (KOHA) | |
| Source of classification or shelving scheme | Dewey Decimal Classification |
| Koha item type | Books |
| Source of classification or shelving scheme | Damaged status | Not for loan | Home library | Current library | Shelving location | Date of accession | Source of acquisition | Cost, normal purchase price | Total Checkouts | Full call number | Barcode | Date last seen | Date checked out | Copy number | Method of acquisition | Koha item type | Currency | Checked out |
|---|---|---|---|---|---|---|---|---|---|---|---|---|---|---|---|---|---|---|
| Dewey Decimal Classification | JCC Rouf Library | JCC Rouf Library | General Stacks | With the compliments of Maj (Retd) Syed Sakhawat Hussain,07/0388/K | 100.00 | 7 | 823.1 HOO 2022 | 19935 | 01/25/2026 | 01/18/2026 | C-1 | Gift/Donation | Books | BDT | ||||
| Dewey Decimal Classification | JCC Rouf Library | JCC Rouf Library | General Stacks | With the compliments of Maj (Retd) Syed Sakhawat Hussain,07/0388/K | 100.00 | 5 | 823.1 HOO 2022 | 19936 | 11/16/2025 | 11/16/2025 | C-2 | Gift/Donation | Books | BDT | 12/10/2025 |